Kings of France - Statistics

General Stats
  • This quiz has been taken 443 times
  • The average score is 40 of 53
Answer Stats
Years Ruled Dynasty Answer % Correct
814-40 Carolingian Louis I the Pious
99%
877-79 Carolingian Louis II the Stammerer
97%
986-87 Carolingian Louis V the Lazy
97%
1314-16 Capetian Louis X the Quarreler
97%
879-82 Carolingian Louis III
96%
936-54 Carolingian Louis IV from overseas
96%
1137-80 Capetian Louis VII the Young
96%
1108-37 Capetian Louis VI the Fat
96%
1498-1515 Valois-Orleans Louis XII the Father of the People
96%
1461-83 Valois Louis XI the Universal Spider
96%
1715-74 Bourbon Louis XV
96%
1223-26 Capetian Louis VIII the Lion
95%
1610-43 Bourbon Louis XIII
95%
1643-1715 Bourbon Louis XIV the Sun King
95%
1774-92 Bourbon Louis XVI
95%
1226-70 Capetian Louis IX the Saint (St. Louis)
94%
1792? Bourbon Louis XVII
93%
768-814 Carolingian Charlemagne (Charles I)
92%
1814-15, 1815-24 Bourbon (restored) Louis XVIII
92%
840-77 Carolingian Charles II the Bald
91%
885-88 Carolingian Charles the Fat
91%
1380-1422 Valois Charles VI the Mad
91%
1364-80 Valois Charles V the Wise
91%
1322-28 Capetian Charles IV the Fair
90%
1483-98 Valois Charles VIII the Affable
90%
1422-61 Valois Charles VII the Victorious
90%
893-922 Carolingian Charles III the Simple
89%
1824-30 Bourbon (restored) Charles X
89%
1560-74 Valois-Orleans-Angouleme Charles IX
88%
1031-60 Capetian Henri I
78%
1547-59 Valois-Orleans-Angouleme Henri II
78%
1589-1610 Bourbon Henri IV le Grande
78%
1574-89 Valois-Orleans-Angouleme Henri III
77%
1515-47 Valois-Orleans-Angouleme Francois I the Father and Restorer of Letters
67%
1559-60 Valois-Orleans-Angouleme Francois II
65%
1180-1223 Capetian Philip II Augustus
65%
1270-85 Capetian Philip III the Bold
65%
1060-1108 Capetian Philip I the Amorous
65%
1285-1314 Capetian Philip IV the Fair
64%
1316-22 Capetian Philip V the Tall
64%
1328-50 Valois Philip VI the Fortunate
63%
1316 Capetian Jean I the Postumous
57%
1350-64 Valois Jean II the Good
55%
1830-48 Orleans Louis Philippe
54%
752-68 Carolingian Pepin the Short
53%
922-23 Carolingian Robert I
43%
996-1031 Capetian Robert II the Pious
42%
768-71 Carolingian Carloman I
34%
882-84 Carolingian Carloman II
32%
987-96 Capetian Hugh Capet
32%
954-86 Carolingian Lothair
30%
888-98 Carolingian Odo of Paris
25%
923-36 Carolingian Rudolph
19%
No matching quizzes found
Score Distribution
Percent of People with Each Score
Percentile by Number Answered
Your Score History
You have not taken this quiz